Kenya E-mail/Fax directory : (Record no. 15078)
[ view plain ]
| 000 -LEADER | |
|---|---|
| fixed length control field | 00724cam a22002172 4500 |
| 001 - CONTROL NUMBER | |
| control field | 0000009066 |
| 005 - DATE AND TIME OF LATEST TRANSACTION | |
| control field | 20151217161140.0 |
| 008 - FIXED-LENGTH DATA ELEMENTS--GENERAL INFORMATION | |
| fixed length control field | 080806s xx 000 0 eng d |
| 020 ## - INTERNATIONAL STANDARD BOOK NUMBER | |
| Terms of availability | Donation |
| 040 ## - CATALOGING SOURCE | |
| Original cataloging agency | KABU |
| Transcribing agency | KABU |
| 245 10 - TITLE STATEMENT | |
| Title | Kenya E-mail/Fax directory : |
| Remainder of title | officia national edition. |
| 260 ## - PUBLICATION, DISTRIBUTION, ETC. (IMPRINT) | |
| Place of publication, distribution, etc. | Nairobi : |
| Name of publisher, distributor, etc. | Kenya Postel Directories. |
| 310 ## - CURRENT PUBLICATION FREQUENCY | |
| Current publication frequency | Annual |
| 500 ## - GENERAL NOTE | |
| General note | Library has: 2004, 2005, 2010. |
| 650 #0 - SUBJECT ADDED ENTRY--TOPICAL TERM | |
| Topical term or geographic name as entry element | Electronic mail systems |
| Form subdivision | Directories |
| Geographic subdivision | Kenya. |
| -- | 0000160020 |
| 908 ## - PUT COMMAND PARAMETER (RLIN) | |
| Put command parameter | 080806 |
| 950 ## - LOCAL HOLDINGS (RLIN) | |
| -- | 1 |
| Withdrawn status | Lost status | Source of classification or shelving scheme | Not for loan | Home library | Current library | Date acquired | Total Checkouts | Full call number | Barcode | Date last seen | Price effective from | Koha item type |
|---|---|---|---|---|---|---|---|---|---|---|---|---|
| Library of Congress Classification | Not For Loan | Kabarak, Main Campus | Kabarak, Main Campus | 17/12/2015 | HE7551 .K4K46 2004 c. 1 | 012561 | 17/12/2015 | 17/12/2015 | Reference | |||
| Library of Congress Classification | Not For Loan | Kabarak, Main Campus | Kabarak, Main Campus | 17/12/2015 | HE7551 .K4K46 2005 c. 1 | 012562 | 17/12/2015 | 17/12/2015 | Reference | |||
| Library of Congress Classification | Not For Loan | Kabarak, Main Campus | Kabarak, Main Campus | 17/12/2015 | HE7551 .K4K46 2010 c. 1 | 18778 | 17/12/2015 | 17/12/2015 | Reference |